[Event "2021 FIDE Online Olympiad"]
[Site "Chess.com"]
[Date "2021.09.02"]
[Round "1"]
[Board "1"]
[White "Bersamina, Paulo"]
[Black "Song, Raymond"]
[Result "1-0"]
[WhiteElo "2286"]
[BlackElo "2254"]
[PlyCount "115"]
[EventDate "2021.09.02"]
[EventType "team"]
[EventRounds "9"]
[EventCountry "FID"]
[WhiteTeam "Philippines"]
[BlackTeam "Chinese Taipei"]

1. e4  e5  2. Nf3  Nc6  3. Bb5  Nf6  4. d3  Bc5  5. c3  O-O  6. O-O  d6  7. Nbd2  a6  8. Ba4  b5  9. Bc2  Bb6  10. a4  Bb7  11. Re1  Re8  12. Nf1  h6  13. Be3  Bxe3  14. Nxe3  d5  15. axb5  axb5  16. Rxa8  Bxa8  17. exd5  Nxd5  18. Nxd5  Qxd5  19. d4  e4  20. Nd2  e3  21. Rxe3  Rxe3  22. fxe3  Qg5  23. Qf3  Bb7  24. Be4  Nd8  25. Bxb7  Nxb7  26. h4  Qe7  27. Qe4  Qxe4  28. Nxe4  f5  29. Nd2  Nd6  30. Kf2  Kf7  31. Kf3  Ke6  32. b3  Kd5  33. Kf4  g6  34. g4  Ke6  35. e4  fxg4  36. Kxg4  Ne8  37. Nf3  Nf6+  38. Kf4  c6  39. c4  bxc4  40. bxc4  Nd7  41. c5  Kf6  42. Nh2  g5+  43. hxg5+  hxg5+  44. Ke3  Kg6  45. Ng4  Kh5  46. Kf3  Kh4  47. Ne5  Nf6  48. Nxc6  g4+  49. Kg2  Nxe4  50. Ne7  Kg5  51. c6  Nd6  52. c7  Kf6  53. c8=Q  Nxc8  54. Nxc8  Ke6  55. Nb6  Kd6  56. Kg3  Kc6  57. Kxg4  Kxb6  58. Kf5   1-0

[Event "2021 FIDE Online Olympiad"]
[Site "Chess.com"]
[Date "2021.09.02"]
[Round "1"]
[Board "2"]
[White "Liu, Yeh Yang"]
[Black "Garcia, Jan Emmanuel"]
[Result "0-1"]
[WhiteElo "2004"]
[BlackElo "2350"]
[PlyCount "72"]
[EventDate "2021.09.02"]
[EventType "team"]
[EventRounds "9"]
[EventCountry "FID"]
[WhiteTeam "Chinese Taipei"]
[BlackTeam "Philippines"]

1. e4  e5  2. Nf3  Nc6  3. c3  Nf6  4. d4  exd4  5. e5  Nd5  6. cxd4  Bb4+  7. Bd2  Bxd2+  8. Qxd2  d6  9. Bb5  O-O  10. O-O  Bg4  11. Ng5  f6  12. Bc4  dxe5  13. dxe5  fxg5  14. Qxd5+  Kh8  15. h3  Bf5  16. Re1  Qe7  17. Na3  Rad8  18. Qb5  Bc8  19. Bd5  a6  20. Qb3  Nxe5  21. Bxb7  Bxb7  22. Qxb7  Qc5  23. Re2  g4  24. Qe4  Nd3  25. Qc4  Qb6  26. Re3  Nxf2  27. Rae1  Nd1  28. Nc2  Nxe3  29. Nxe3  Rde8  30. Qc3  gxh3  31. gxh3  Rf3  32. Kg2  Rfxe3  33. Rxe3  Qxe3  34. Qxc7  Qd2+  35. Kf3  Qd3+  36. Kf4  Re4+   0-1

[Event "2021 FIDE Online Olympiad"]
[Site "Chess.com"]
[Date "2021.09.02"]
[Round "1"]
[Board "3"]
[White "Magpily, Francois Marie"]
[Black "Chen, Chi"]
[Result "1-0"]
[WhiteElo "1808"]
[BlackElo "1353"]
[PlyCount "95"]
[EventDate "2021.09.02"]
[EventType "team"]
[EventRounds "9"]
[EventCountry "FID"]
[WhiteTeam "Philippines"]
[BlackTeam "Chinese Taipei"]

1. e4  e6  2. Nc3  d5  3. Qe2  dxe4  4. Nxe4  Nd7  5. d3  Ngf6  6. Bd2  b6  7. Bc3  Be7  8. g3  Bb7  9. Bg2  Rb8  10. O-O-O  O-O  11. h4  Nxe4  12. dxe4  Qc8  13. f4  a5  14. Nf3  Bb4  15. Bd4  Bc5  16. Kb1  Bxd4  17. Nxd4  Nc5  18. g4  Ba6  19. Qf2  Qe8  20. h5  b5  21. h6  g6  22. e5  Bb7  23. Bxb7  Rxb7  24. Qh4  f5  25. exf6  Ne4  26. Rhe1  Nxf6  27. Nxe6  Rf7  28. Rd8  c6  29. Rxe8+  Nxe8  30. Nc5  Rb8  31. b3  Nf6  32. g5  Nd5  33. Qg4  Rbf8  34. Ne6  Re8  35. Kb2  Rfe7  36. Re5  Rf7  37. Qe2  Rc8  38. Nc5  Nxf4  39. Re8+  Rf8  40. Rxf8+  Rxf8  41. Qe4  Nd5  42. Qe6+  Kh8  43. Qe5+  Nf6  44. gxf6  Kg8  45. Nd7  Rd8  46. Qe6+  Kh8  47. f7  c5  48. Qf6#   1-0

[Event "2021 FIDE Online Olympiad"]
[Site "Chess.com"]
[Date "2021.09.02"]
[Round "1"]
[Board "4"]
[White "Shih, Ching-An"]
[Black "Frayna, Janelle Mae"]
[Result "1/2-1/2"]
[WhiteElo "1680"]
[BlackElo "2102"]
[PlyCount "80"]
[EventDate "2021.09.02"]
[EventType "team"]
[EventRounds "9"]
[EventCountry "FID"]
[WhiteTeam "Chinese Taipei"]
[BlackTeam "Philippines"]

1. e4  g6  2. d4  Bg7  3. c3  d5  4. Nd2  dxe4  5. Nxe4  Nd7  6. Nf3  Ngf6  7. Bd3  O-O  8. O-O  Nxe4  9. Bxe4  c5  10. Be3  Nf6  11. Bc2  cxd4  12. Nxd4  a6  13. h3  Nd5  14. Bg5  h6  15. Bc1  e5  16. Nf3  Be6  17. Re1  Qc7  18. Qe2  Rfe8  19. Bb3  Nf4  20. Bxf4  exf4  21. Bxe6  Rxe6  22. Qc2  Rae8  23. Qd2  g5  24. Rxe6  Rxe6  25. Re1  Rxe1+  26. Qxe1  Bf6  27. Qe4  Qb6  28. Qc2  Qe6  29. c4  h5  30. b3  g4  31. hxg4  hxg4  32. Nd2  Qe2  33. Qf5  Qxd2  34. Qxf6  Qe1+  35. Kh2  Qxf2  36. Qg5+  Kf8  37. Qd8+  Kg7  38. Qg5+  Kf8  39. Qd8+  Kg7  40. Qg5+  Kf8   1/2-1/2

[Event "2021 FIDE Online Olympiad"]
[Site "Chess.com"]
[Date "2021.09.02"]
[Round "1"]
[Board "5"]
[White "Concio, Michael Jr."]
[Black "Bai, Adelard"]
[Result "0-1"]
[WhiteElo "2010"]
[BlackElo "1720"]
[PlyCount "52"]
[EventDate "2021.09.02"]
[EventType "team"]
[EventRounds "9"]
[EventCountry "FID"]
[WhiteTeam "Philippines"]
[BlackTeam "Chinese Taipei"]

1. g3  d5  2. Bg2  Nf6  3. c4  c6  4. Nf3  dxc4  5. Qc2  b5  6. a4  Bb7  7. b3  cxb3  8. Qxb3  a6  9. Ne5  e6  10. axb5  axb5  11. Rxa8  Bxa8  12. Qa2  Nbd7  13. Bxc6  Bxc6  14. Nxc6  Qc8  15. Qc2  Bc5  16. Nd4  e5  17. Nf5  O-O  18. e3  g6  19. Nh4  Bxe3  20. Qd1  Bd4  21. O-O  Nc5  22. Ba3  Re8  23. Nf3  Nd3  24. Nxd4  exd4  25. Qf3  Qf5  26. Qc6  b4   0-1

[Event "2021 FIDE Online Olympiad"]
[Site "Chess.com"]
[Date "2021.09.02"]
[Round "1"]
[Board "6"]
[White "Weng, Yu-Hsin"]
[Black "San Diego, Jerlyn Mae"]
[Result "0-1"]
[WhiteElo "1000"]
[BlackElo "1670"]
[PlyCount "62"]
[EventDate "2021.09.02"]
[EventType "team"]
[EventRounds "9"]
[EventCountry "FID"]
[WhiteTeam "Chinese Taipei"]
[BlackTeam "Philippines"]

1. d4  g6  2. Nf3  Bg7  3. c4  c5  4. d5  d6  5. Nc3  e5  6. e4  Bg4  7. Be2  Ne7  8. Nd2  Bxe2  9. Qxe2  O-O  10. O-O  f5  11. Nf3  h6  12. a3  Nd7  13. b4  f4  14. Bb2  b6  15. b5  g5  16. Nd2  Qe8  17. Qg4  Kh8  18. g3  Nf6  19. Qe2  Qd7  20. f3  h5  21. Rf2  Ng6  22. Rg2  g4  23. Nd1  h4  24. gxh4  Nxh4  25. Rf2  g3  26. Rf1  Qh3  27. Nc3  Rg8  28. hxg3  fxg3  29. f4  Ng4  30. Nf3  g2  31. Qxg2  Qxg2#   0-1

[Event "2021 FIDE Online Olympiad"]
[Site "Chess.com"]
[Date "2021.09.02"]
[Round "1"]
[Board "1"]
[White "Kuybokarov, Temur"]
[Black "Murshed, Niaz"]
[Result "1-0"]
[WhiteElo "2134"]
[BlackElo "2476"]
[PlyCount "69"]
[EventDate "2021.09.02"]
[EventType "team"]
[EventRounds "9"]
[EventCountry "FID"]
[WhiteTeam "Australia"]
[BlackTeam "Bangladesh"]

1. e4  e6  2. d4  d5  3. Nc3  Bb4  4. e5  c5  5. a3  Bxc3+  6. bxc3  Qc7  7. Qg4  f6  8. Bb5+  Nc6  9. Nf3  cxd4  10. cxd4  f5  11. Qg3  Ne7  12. Bd2  O-O  13. Bd3  Bd7  14. h4  Kh8  15. h5  h6  16. Qh4  Qd8  17. g4  fxg4  18. Qxg4  Rxf3  19. Qxf3  Nxd4  20. Qg4  Nef5  21. Rg1  Bb5  22. Bxf5  Nxf5  23. Rb1  Ba6  24. Rb4  Qc7  25. c3  Qxe5+  26. Kd1  d4  27. Re1  Qd5  28. cxd4  Rc8  29. Qe4  Qd8  30. d5  Nd6  31. Qxe6  Qc7  32. Qg6  Qc5  33. Rg4  Rc7  34. Re6  Qxd5  35. Ke1   1-0

[Event "2021 FIDE Online Olympiad"]
[Site "Chess.com"]
[Date "2021.09.02"]
[Round "1"]
[Board "2"]
[White "Rahman, Ziaur"]
[Black "Ly, Moulthun"]
[Result "1-0"]
[WhiteElo "2537"]
[BlackElo "2502"]
[PlyCount "99"]
[EventDate "2021.09.02"]
[EventType "team"]
[EventRounds "9"]
[EventCountry "FID"]
[WhiteTeam "Bangladesh"]
[BlackTeam "Australia"]

1. d4  Nf6  2. Bg5  d5  3. e3  c5  4. Bxf6  gxf6  5. Nc3  Nc6  6. Qh5  e6  7. O-O-O  cxd4  8. exd4  f5  9. Bb5  Bd7  10. Kb1  Qf6  11. Qe2  O-O-O  12. Nf3  Bb4  13. Na4  Rhg8  14. Rhg1  Bd6  15. Nc5  Bxc5  16. dxc5  Rg4  17. c3  Re4  18. Qc2  Qe7  19. Nd2  Rg4  20. Nb3  Kb8  21. f3  Rg6  22. Qf2  Rdg8  23. c4  dxc4  24. Bxc4  Ne5  25. Be2  Bc6  26. Rd6  Bd5  27. Qe3  f6  28. g3  Qc7  29. Rd1  Nf7  30. Rxe6  Bxe6  31. Qxe6  Rd8  32. Nd4  f4  33. gxf4  Rgg8  34. Bc4  Rgf8  35. c6  Qxf4  36. Bd5  Ng5  37. Qe7  Qc7  38. Qc5  b6  39. Qc4  a6  40. a4  Rfe8  41. f4  Ne4  42. Ka2  Nc5  43. Rg1  Re7  44. a5  Ne4  45. Nf5  Nd6  46. Nxd6  Qxd6  47. axb6  Qxd5  48. Qxd5  Rxd5  49. Rg8+  Rd8  50. Rxd8#   1-0

[Event "2021 FIDE Online Olympiad"]
[Site "Chess.com"]
[Date "2021.09.02"]
[Round "1"]
[Board "3"]
[White "Ryjanova, Julia"]
[Black "Sultana, Sharmin Shirin"]
[Result "1-0"]
[WhiteElo "2242"]
[BlackElo "2084"]
[PlyCount "69"]
[EventDate "2021.09.02"]
[EventType "team"]
[EventRounds "9"]
[EventCountry "FID"]
[WhiteTeam "Australia"]
[BlackTeam "Bangladesh"]

1. d4  d5  2. c4  c6  3. Nc3  Nf6  4. e3  g6  5. Nf3  Bg7  6. Be2  O-O  7. O-O  Bg4  8. cxd5  cxd5  9. Qb3  b6  10. h3  Bf5  11. Bd2  Nc6  12. Rfc1  Na5  13. Qd1  Nb7  14. Ne5  a6  15. a4  Ne4  16. Nc6  Qd7  17. Nxd5  Nxd2  18. Qxd2  Rae8  19. Nxb6  Qd6  20. Qb4  Qf6  21. Nd5  Qg5  22. Ndxe7+  Kh8  23. Nxf5  gxf5  24. Qxb7  Bf6  25. Bf3  f4  26. e4  Rg8  27. e5  Bd8  28. Nxd8  Rxd8  29. Qe4  Qh4  30. Kf1  Rg7  31. d5  Qe7  32. d6  Qe6  33. Qxf4  Re8  34. Bg4  Qb3  35. d7   1-0

[Event "2021 FIDE Online Olympiad"]
[Site "Chess.com"]
[Date "2021.09.02"]
[Round "1"]
[Board "4"]
[White "Ahmed, Walijah"]
[Black "Zhang, Jilin"]
[Result "0-1"]
[WhiteElo "1724"]
[BlackElo "2246"]
[PlyCount "72"]
[EventDate "2021.09.02"]
[EventType "team"]
[EventRounds "9"]
[EventCountry "FID"]
[WhiteTeam "Bangladesh"]
[BlackTeam "Australia"]

1. e4  c5  2. Nf3  e6  3. d4  cxd4  4. Nxd4  a6  5. Bd3  Nf6  6. O-O  d6  7. Qe2  b6  8. c4  Bb7  9. Nc3  Be7  10. Be3  Qc7  11. Rac1  Nbd7  12. b3  O-O  13. f3  Rac8  14. Rfd1  Rfe8  15. Qf2  Qb8  16. Bf1  Bd8  17. Nde2  Bc7  18. g3  Ne5  19. Na4  Bc6  20. Nec3  b5  21. cxb5  axb5  22. Nb2  Neg4  23. fxg4  Nxg4  24. Qf3  Nxe3  25. Re1  Nxf1  26. Rxf1  f5  27. Qe2  b4  28. Nd5  exd5  29. Rxc6  Bb6+  30. Rxb6  Qxb6+  31. Kg2  fxe4  32. Qd2  Qc5  33. Qf4  Rf8  34. Qd2  Qc2  35. Rd1  e3  36. Qxc2  Rxc2+   0-1

[Event "2021 FIDE Online Olympiad"]
[Site "Chess.com"]
[Date "2021.09.02"]
[Round "1"]
[Board "5"]
[White "Winkelman, Albert"]
[Black "Mohammad Fahad, Rahman"]
[Result "0-1"]
[WhiteElo "2257"]
[BlackElo "2287"]
[PlyCount "74"]
[EventDate "2021.09.02"]
[EventType "team"]
[EventRounds "9"]
[EventCountry "FID"]
[WhiteTeam "Australia"]
[BlackTeam "Bangladesh"]

1. e4  e6  2. d4  d5  3. Nd2  c5  4. exd5  Qxd5  5. dxc5  Nf6  6. Ngf3  Qxc5  7. Bd3  Nbd7  8. O-O  Be7  9. a4  O-O  10. a5  Qc7  11. c4  Rd8  12. Qe2  b6  13. axb6  Qxb6  14. Ne4  Bb7  15. Be3  Qc7  16. Nxf6+  Bxf6  17. Ra3  h6  18. Rfa1  a6  19. Rb3  Rab8  20. Ba7  Rbc8  21. Qe3  Bxf3  22. gxf3  Bg5  23. Qe4  Nf6  24. Bb6  Nxe4  25. Bxc7  Rxd3  26. Rxd3  Nc5  27. Rd6  Rxc7  28. b4  Nb3  29. Ra3  Nd2  30. Raxa6  Nxf3+  31. Kg2  Nh4+  32. Kf1  Rxc4  33. b5  Rc1+  34. Ke2  Nf5  35. Rd7  Rc2+  36. Kf3  Nh4+  37. Ke4  Re2+   0-1

[Event "2021 FIDE Online Olympiad"]
[Site "Chess.com"]
[Date "2021.09.02"]
[Round "1"]
[Board "6"]
[White "Noshin, Anjum"]
[Black "Middleton, Jody"]
[Result "0-1"]
[WhiteElo "1808"]
[BlackElo "1850"]
[PlyCount "58"]
[EventDate "2021.09.02"]
[EventType "team"]
[EventRounds "9"]
[EventCountry "FID"]
[WhiteTeam "Bangladesh"]
[BlackTeam "Australia"]

1. e4  e6  2. d4  d5  3. Nc3  Bb4  4. e5  c5  5. a3  Bxc3+  6. bxc3  Ne7  7. Qg4  cxd4  8. Qxg7  Rg8  9. Qxh7  Qc7  10. Ne2  Nbc6  11. f4  dxc3  12. Qd3  d4  13. Nxd4  Nxd4  14. Qxd4  Bd7  15. a4  Nf5  16. Qf2  Qc6  17. Rg1  Qd5  18. Bd3  Bc6  19. Ra3  O-O-O  20. Rxc3  Kb8  21. Qc5  Rxg2  22. Qxd5  Rxg1+  23. Kf2  Bxd5  24. Kxg1  Rg8+  25. Kf1  Rg2  26. Rc5  Nh4  27. Ba3  Rd2  28. Rc3  Bg2+  29. Ke1  Nf3#   0-1

[Event "2021 FIDE Online Olympiad"]
[Site "Chess.com"]
[Date "2021.09.02"]
[Round "1"]
[Board "1"]
[White "Khairallah, Faisal"]
[Black "Zeng, Chongsheng"]
[Result "0-1"]
[WhiteElo "2226"]
[BlackElo "2499"]
[PlyCount "74"]
[EventDate "2021.09.02"]
[EventType "team"]
[EventRounds "9"]
[EventCountry "FID"]
[WhiteTeam "Lebanon"]
[BlackTeam "Shenzhen China"]

1. d4  Nf6  2. Bg5  e6  3. e4  h6  4. Bxf6  Qxf6  5. c3  d5  6. e5  Qd8  7. f4  c5  8. Nf3  Nc6  9. Nbd2  Qb6  10. Qb3  Bd7  11. Qxb6  axb6  12. a3  b5  13. Bxb5  Nxe5  14. Bxd7+  Nxd7  15. O-O  Bd6  16. Ne5  cxd4  17. cxd4  f6  18. Nxd7  Kxd7  19. Rac1  Ra4  20. Nb3  b6  21. Rc3  Rc4  22. Rxc4  dxc4  23. Nd2  b5  24. Ne4  Rb8  25. f5  e5  26. Nxd6  Kxd6  27. dxe5+  Kxe5  28. g4  Rd8  29. Rf2  Ke4  30. Kg2  Ke3  31. Kg3  Rd2  32. Rf3+  Kd4  33. b3  c3  34. Rf4+  Kd3  35. Rf3+  Kc2  36. a4  b4  37. a5  Kxb3   0-1

[Event "2021 FIDE Online Olympiad"]
[Site "Chess.com"]
[Date "2021.09.02"]
[Round "1"]
[Board "2"]
[White "Yu, Ruiyuan"]
[Black "Salman, Samer"]
[Result "1/2-1/2"]
[WhiteElo "2506"]
[BlackElo "1759"]
[PlyCount "108"]
[EventDate "2021.09.02"]
[EventType "team"]
[EventRounds "9"]
[EventCountry "FID"]
[WhiteTeam "Shenzhen China"]
[BlackTeam "Lebanon"]

1. e4  c5  2. Nf3  Nc6  3. d4  cxd4  4. Nxd4  Nf6  5. Nc3  d6  6. Bg5  e6  7. Qd2  a6  8. O-O-O  Bd7  9. f4  h6  10. Bh4  Nxe4  11. Qe1  Nf6  12. Nf5  Qa5  13. Nxd6+  Bxd6  14. Rxd6  O-O-O  15. Qd2  Rhe8  16. Be2  Ne7  17. Bf3  Bc6  18. Bxf6  gxf6  19. Rd1  Bxf3  20. gxf3  Nd5  21. Rxd8+  Rxd8  22. f5  Nxc3  23. Qxd8+  Qxd8  24. Rxd8+  Kxd8  25. bxc3  Kc7  26. Kd2  Kd6  27. f4  e5  28. Kd3  Kd5  29. c4+  Kc5  30. Ke4  exf4  31. Kxf4  Kxc4  32. Kg4  Kd5  33. Kh5  Ke5  34. Kxh6  Kxf5  35. Kg7  Ke6  36. h4  f5  37. h5  f4  38. h6  f3  39. h7  f2  40. h8=Q  f1=Q  41. Qc8+  Kd6  42. Qxb7  f5  43. Qb8+  Kc5  44. Qc8+  Kd6  45. c4  Qa1+  46. Kg6  Qg1+  47. Kf6  Qd4+  48. Kg6  Qg4+  49. Kf7  Qh5+  50. Kf6  Qh6+  51. Kf7  Qh7+  52. Kf6  Qh6+  53. Kf7  Qh7+  54. Kf6  Qh6+   1/2-1/2

[Event "2021 FIDE Online Olympiad"]
[Site "Chess.com"]
[Date "2021.09.02"]
[Round "1"]
[Board "3"]
[White "Mouradian, Knarik"]
[Black "Zhao, Xue"]
[Result "0-1"]
[WhiteElo "2148"]
[BlackElo "2442"]
[PlyCount "82"]
[EventDate "2021.09.02"]
[EventType "team"]
[EventRounds "9"]
[EventCountry "FID"]
[WhiteTeam "Lebanon"]
[BlackTeam "Shenzhen China"]

1. e4  e6  2. d3  d5  3. Nd2  c5  4. Ngf3  Nc6  5. g3  Nf6  6. Bg2  Be7  7. O-O  O-O  8. e5  Nd7  9. Re1  Qc7  10. Qe2  b5  11. Nf1  Nd4  12. Nxd4  cxd4  13. Bf4  Bb4  14. Bxd5  exd5  15. e6  Qc6  16. exd7  Bxd7  17. Rec1  Rfe8  18. Qf3  Rac8  19. h4  a5  20. h5  h6  21. a3  Bf8  22. Nd2  a4  23. b3  Qe6  24. bxa4  bxa4  25. Re1  Qxe1+  26. Rxe1  Rxe1+  27. Kg2  Rxc2  28. g4  Rcc1  29. Nf1  Rxf1  30. Bxc1  Rxc1  31. Qf4  Bxa3  32. g5  hxg5  33. Qxg5  Rc8  34. h6  Bf8  35. Kg3  Rc6  36. Qxd5  Rg6+  37. Kf4  Be6  38. h7+  Kxh7  39. Qa5  a3  40. Qa8  a2  41. Ke4  Rg1   0-1

[Event "2021 FIDE Online Olympiad"]
[Site "Chess.com"]
[Date "2021.09.02"]
[Round "1"]
[Board "4"]
[White "Xu, Tong"]
[Black "Nekrasova, Elena"]
[Result "0-1"]
[WhiteElo "2111"]
[BlackElo "1920"]
[PlyCount "86"]
[EventDate "2021.09.02"]
[EventType "team"]
[EventRounds "9"]
[EventCountry "FID"]
[WhiteTeam "Shenzhen China"]
[BlackTeam "Lebanon"]

1. e4  c5  2. Nf3  Nc6  3. d3  g6  4. g3  Bg7  5. Bg2  d6  6. O-O  e5  7. c3  Nge7  8. Be3  O-O  9. a3  h6  10. b4  b6  11. h3  Be6  12. Kh2  f5  13. Qc1  Kh7  14. Ng1  Rc8  15. Qd2  f4  16. gxf4  exf4  17. Kh1  fxe3  18. fxe3  Rxf1  19. Bxf1  Qd7  20. d4  d5  21. e5  Rf8  22. Bg2  Nf5  23. Qe1  h5  24. Nf3  Bh6  25. Ra2  Nxe3  26. Nh4  Nxg2  27. Nxg2  Bxh3  28. Kh2  cxd4  29. b5  Bxg2  30. Kxg2  Qg4+  31. Qg3  Nxe5  32. Qxg4  Nxg4  33. cxd4  Be3  34. Nc3  Rf2+  35. Rxf2  Bxf2  36. Nxd5  Bxd4  37. Ne7  Bc5  38. Nc8  Bxa3  39. Nxa7  Kg7  40. Nc6  Bc5  41. Nd8  Kf6  42. Nc6  Ne5  43. Nd8  Ke7   0-1

[Event "2021 FIDE Online Olympiad"]
[Site "Chess.com"]
[Date "2021.09.02"]
[Round "1"]
[Board "5"]
[White "Boulos, Carlos"]
[Black "Xue, Haowen"]
[Result "1-0"]
[WhiteElo "1991"]
[BlackElo "2128"]
[PlyCount "95"]
[EventDate "2021.09.02"]
[EventType "team"]
[EventRounds "9"]
[EventCountry "FID"]
[WhiteTeam "Lebanon"]
[BlackTeam "Shenzhen China"]

1. e4  c5  2. Nf3  Nc6  3. Bb5  e6  4. O-O  Nge7  5. e5  a6  6. Bxc6  Nxc6  7. c3  d5  8. d4  b6  9. Be3  Be7  10. Nbd2  O-O  11. Re1  cxd4  12. cxd4  a5  13. Nf1  Ba6  14. Ng3  Rc8  15. a3  Re8  16. Rc1  Bf8  17. Ng5  h6  18. Nh3  Ne7  19. Nf4  Rxc1  20. Bxc1  Ng6  21. Nfh5  Qe7  22. Re3  Rc8  23. Bd2  Qh4  24. Bc3  Kh8  25. Rf3  Rc7  26. Qa4  Nxe5  27. Rf4  Qg5  28. dxe5  g6  29. h4  Qd8  30. Nf6  Bg7  31. Qe8+  Qxe8  32. Nxe8  Rd7  33. Nxg7  Kxg7  34. Bd4  b5  35. Rf3  b4  36. axb4  axb4  37. Rb3  Rb7  38. Bc5  Rb5  39. Bd6  d4  40. Rxb4  d3  41. Ne4  Rd5  42. Nd2  Ra5  43. Rb8  Ra1+  44. Kh2  g5  45. h5  f5  46. Ra8  Rd1  47. Bb4  Bc4  48. Nxc4   1-0

[Event "2021 FIDE Online Olympiad"]
[Site "Chess.com"]
[Date "2021.09.02"]
[Round "1"]
[Board "6"]
[White "Li, Xinyu"]
[Black "Assoum, Nour"]
[Result "1/2-1/2"]
[WhiteElo "2167"]
[BlackElo "1400"]
[PlyCount "98"]
[EventDate "2021.09.02"]
[EventType "team"]
[EventRounds "9"]
[EventCountry "FID"]
[WhiteTeam "Shenzhen China"]
[BlackTeam "Lebanon"]

1. d4  d5  2. c4  e6  3. Nc3  Nf6  4. Nf3  Bb4  5. Qa4+  Nc6  6. Bg5  Bd7  7. Qc2  h6  8. Bxf6  Qxf6  9. e3  O-O  10. Bd3  Rfe8  11. O-O  dxc4  12. Bxc4  Bd6  13. Rac1  e5  14. Ne4  Qe7  15. Nxd6  cxd6  16. dxe5  dxe5  17. Qe4  Qf6  18. Rfd1  Bf5  19. Qh4  Qg6  20. Qg3  Qf6  21. a3  e4  22. Nd4  Ne5  23. Qf4  Bg4  24. Qxf6  gxf6  25. Be2  Bxe2  26. Nxe2  Nd3  27. Rc7  Nxb2  28. Rb1  Red8  29. Rxb7  Nc4  30. a4  Rd2  31. Nd4  Ne5  32. R7b2  Rd3  33. h3  Nc4  34. Rb8+  Rxb8  35. Rxb8+  Kg7  36. Rb7  a5  37. Nf5+  Kg6  38. Ne7+  Kg7  39. Nf5+  Kg6  40. Ng3  Rd1+  41. Kh2  Ra1  42. Nxe4  Rxa4  43. Nc5  Ra2  44. Kg3  Nd6  45. Ra7  Nf5+  46. Kf3  Nh4+  47. Kg3  Nf5+  48. Kf3  Nh4+  49. Kg3  Nf5+   1/2-1/2

[Event "2021 FIDE Online Olympiad"]
[Site "Chess.com"]
[Date "2021.09.02"]
[Round "1"]
[Board "1"]
[White "Tin, Jingyao"]
[Black "Tologontegin, Semetey"]
[Result "1-0"]
[WhiteElo "2352"]
[BlackElo "2337"]
[PlyCount "97"]
[EventDate "2021.09.02"]
[EventType "team"]
[EventRounds "9"]
[EventCountry "FID"]
[WhiteTeam "Singapore"]
[BlackTeam "Kyrgyzstan"]

1. d4  Nf6  2. c4  e6  3. Nf3  b6  4. g3  Bb7  5. Bg2  g6  6. O-O  Bg7  7. Nc3  Ne4  8. Nxe4  Bxe4  9. Bg5  Qc8  10. Qd2  d6  11. Qe3  Bb7  12. Bh6  O-O  13. Rac1  Nd7  14. Rfd1  Re8  15. Bxg7  Kxg7  16. b4  Qd8  17. c5  Bd5  18. a4  Nf6  19. Nd2  Qd7  20. c6  Qe7  21. Qd3  Bxg2  22. Kxg2  e5  23. e4  d5  24. dxe5  Nxe4  25. Nxe4  dxe4  26. Qxe4  Qxe5  27. Qxe5+  Rxe5  28. Rd7  Rc8  29. Rc4  Kf8  30. b5  Re7  31. Rcd4  Rce8  32. Kf3  Rxd7  33. Rxd7  Re7  34. Rd8+  Re8  35. Rd4  h5  36. Kf4  Re7  37. h4  Ke8  38. f3  Re6  39. g4  Rf6+  40. Kg3  hxg4  41. fxg4  Re6  42. Kf4  Re7  43. h5  gxh5  44. gxh5  Re6  45. Rd7  a6  46. Rxc7  axb5  47. axb5  Rf6+  48. Kg4  Rxc6  49. Rxc6   1-0

[Event "2021 FIDE Online Olympiad"]
[Site "Chess.com"]
[Date "2021.09.02"]
[Round "1"]
[Board "2"]
[White "Abdyjapar, Asyl"]
[Black "Liu, Xiangyi"]
[Result "1-0"]
[WhiteElo "2390"]
[BlackElo "2178"]
[PlyCount "99"]
[EventDate "2021.09.02"]
[EventType "team"]
[EventRounds "9"]
[EventCountry "FID"]
[WhiteTeam "Kyrgyzstan"]
[BlackTeam "Singapore"]

1. d4  Nf6  2. c4  g6  3. Nc3  d5  4. cxd5  Nxd5  5. e4  Nxc3  6. bxc3  Bg7  7. Bb5+  c6  8. Ba4  O-O  9. Ne2  c5  10. O-O  Bd7  11. Bb3  Nc6  12. Be3  Na5  13. d5  Rc8  14. Rc1  b5  15. Qd2  Qb6  16. Bh6  e5  17. Be3  f5  18. f3  Qa6  19. h3  c4  20. Bc2  f4  21. Bf2  Nb7  22. Ra1  Nc5  23. Rfb1  Bf6  24. d6  Rfd8  25. Rd1  Kg7  26. g3  fxg3  27. Nxg3  Ne6  28. Kh2  Nf4  29. Be3  Nxh3  30. a4  bxa4  31. f4  Nxf4  32. Rg1  Kh8  33. Raf1  Rf8  34. Rxf4  exf4  35. Bxf4  a3  36. e5  Bg7  37. Nh5  gxh5  38. Rxg7  Kxg7  39. e6  Rxf4  40. Qxf4  Bxe6  41. Qg5+  Kf7  42. Qe7+  Kg8  43. Qxe6+  Kg7  44. Qe7+  Kg8  45. Bf5  h6  46. Be6+  Kh8  47. d7  a2  48. Qf6+  Kh7  49. Bf5+  Kg8  50. Qxa6   1-0